Differential Equations (Record no. 137)

MARC details
000 -LEADER
Fixed length control field 00564nam a2200193 4500
003 - CONTROL NUMBER IDENTIFIER
Control field SEACOMEC
005 - DATE AND TIME OF LATEST TRANSACTION
Control field 20240415120112.0
008 - FIXED-LENGTH DATA ELEMENTS--GENERAL INFORMATION
Fixed length control field 231006b |||||||| |||| 00| 0 eng d
020 ## - INTERNATIONAL STANDARD BOOK NUMBER / ISBN
Price Rs. 295.00
International Standard Book Number 978-8173710230
040 ## - CATALOGING SOURCE
Original cataloging agency SEACOMEC
082 ## - DEWEY DECIMAL CLASSIFICATION NUMBER
Classification number 515.35
Book Number R215
100 1# - MAIN ENTRY--PERSONAL NAME
Personal name Rao, S. Balachandra
245 ## - TITLE STATEMENT
Title Differential Equations
Sub title with applications and programs
Statement of responsibility S. Balachandra Rao and H.R. Anuradha
260 ## - IMPRINT
Place of publication Hyderabad
Name of publisher Universities
Date of publication 1999
300 ## - PHYSICAL DESCRIPTION
Page / Vol. No 416p
Dimensions 20.3 x 25.4 x 4.7 cm
650 ## - SUBJECT ADDED ENTRY--TOPICAL TERM
Topical term Analysis
700 1# - ADDED ENTRY--PERSONAL NAME
Personal name Anuradha, H.R.
942 ## - ADDED ENTRY ELEMENTS (KOHA)
Koha item type Books
Holdings
Withdrawn status Lost status Source of classification Damaged status Not for loan Home library Current library Date acquired Total Checkouts Call number Accession number Date last seen Price effective from Koha item type Copy number
    Dewey Decimal Classification     SEACOM ENGINEERING COLLEGE SEACOM ENGINEERING COLLEGE 15/04/2024   515.35 R215 5083 15/04/2024 15/04/2024 Books  
    Dewey Decimal Classification     SEACOM ENGINEERING COLLEGE SEACOM ENGINEERING COLLEGE 15/04/2024   515.35 R215 5084 15/04/2024 15/04/2024 Books 1
    Dewey Decimal Classification     SEACOM ENGINEERING COLLEGE SEACOM ENGINEERING COLLEGE 15/04/2024   515.35 R215 5085 15/04/2024 15/04/2024 Books 2
    Dewey Decimal Classification     SEACOM ENGINEERING COLLEGE SEACOM ENGINEERING COLLEGE 15/04/2024   515.35 R215 5086 15/04/2024 15/04/2024 Books 3
    Dewey Decimal Classification     SEACOM ENGINEERING COLLEGE SEACOM ENGINEERING COLLEGE 15/04/2024   515.35 R215 5087 15/04/2024 15/04/2024 Books 4
© Seacom Engineering College, All rights reserved.      Powered by Koha